<?xml version="1.0" encoding="UTF-8"?><?xml-stylesheet type="text/xsl" href="static/style.xsl"?><OAI-PMH xmlns="http://www.openarchives.org/OAI/2.0/" xmlns:xsi="http://www.w3.org/2001/XMLSchema-instance" xsi:schemaLocation="http://www.openarchives.org/OAI/2.0/ http://www.openarchives.org/OAI/2.0/OAI-PMH.xsd"><responseDate>2026-04-14T07:26:50Z</responseDate><request verb="GetRecord" identifier="oai:www.recercat.cat:10230/46374" metadataPrefix="marc">https://recercat.cat/oai/request</request><GetRecord><record><header><identifier>oai:recercat.cat:10230/46374</identifier><datestamp>2025-12-19T20:29:33Z</datestamp><setSpec>com_2072_6</setSpec><setSpec>col_2072_452954</setSpec></header><metadata><record xmlns="http://www.loc.gov/MARC21/slim" xmlns:dcterms="http://purl.org/dc/terms/" xmlns:xsi="http://www.w3.org/2001/XMLSchema-instance" xmlns:doc="http://www.lyncode.com/xoai" xsi:schemaLocation="http://www.loc.gov/MARC21/slim http://www.loc.gov/standards/marcxml/schema/MARC21slim.xsd">
   <leader>00925njm 22002777a 4500</leader>
   <datafield ind2=" " ind1=" " tag="042">
      <subfield code="a">dc</subfield>
   </datafield>
   <datafield ind2=" " ind1=" " tag="720">
      <subfield code="a">Ozkaya, Guneykan</subfield>
      <subfield code="e">author</subfield>
   </datafield>
   <datafield ind2=" " ind1=" " tag="720">
      <subfield code="a">Wang, Yaping</subfield>
      <subfield code="e">author</subfield>
   </datafield>
   <datafield ind2=" " ind1=" " tag="260">
      <subfield code="c">2021-02-05T14:44:29Z</subfield>
   </datafield>
   <datafield ind2=" " ind1=" " tag="260">
      <subfield code="c">2021-02-05T14:44:29Z</subfield>
   </datafield>
   <datafield ind2=" " ind1=" " tag="260">
      <subfield code="c">2020</subfield>
   </datafield>
   <datafield ind2=" " ind1=" " tag="520">
      <subfield code="a">Treball fi de màster de: Master&amp;apos;s Degree in Economics and Finance</subfield>
   </datafield>
   <datafield ind2=" " ind1=" " tag="520">
      <subfield code="a">Director: Filippo Ippolito</subfield>
   </datafield>
   <datafield ind2=" " ind1=" " tag="520">
      <subfield code="a">In this paper, we combine several Multi-Armed bandit algorithms with methodologies from finance literature and apply it to portfolio choice problem. Our results show that when we combine bandit algorithms with methodologies that take account of the non-normal distribution of returns, portfolio performance improves. Our results show that if contextual bandit algorithms applied to portfolio choice problem, given enough context information about the financial environment, they can consistently obtain higher Sharpe ratios compared to classical methodologies, which translates to fully automated portfolio allocation framework.</subfield>
   </datafield>
   <datafield ind2=" " ind1=" " tag="520">
      <subfield code="a">En este documento, combinamos varios Multi-Armed bandit algorithms con metodologías de la literatura financiera y lo aplicamos al problema de elección de cartera. Nuestros resultados muestran que cuando combinamos estos algoritmos con metodologías que tienen en cuenta la distribución no normal de los rendimientos, el rendimiento de la cartera mejora. Adicionalmente, dada la suficiente información sobre el contexto del entorno financiero, nuestra investigación muestra que si los denominados contextual bandit algorithms se aplican al problema de elección de cartera, éstos pueden obtener consistentemente mayores Sharpe Ratio en comparación con las metodologías clásicas, lo que se traduce en un marco de asignación de cartera totalmente automatizado.</subfield>
   </datafield>
   <datafield tag="653" ind2=" " ind1=" ">
      <subfield code="a">Treball de fi de màster – Curs 2019-2020</subfield>
   </datafield>
   <datafield tag="653" ind2=" " ind1=" ">
      <subfield code="a">Probabilistic Sharpe ratio</subfield>
   </datafield>
   <datafield tag="653" ind2=" " ind1=" ">
      <subfield code="a">UCBI</subfield>
   </datafield>
   <datafield tag="653" ind2=" " ind1=" ">
      <subfield code="a">Thompson sampling</subfield>
   </datafield>
   <datafield ind2="0" ind1="0" tag="245">
      <subfield code="a">Multi-armed bandit approach to portfolio choice problem</subfield>
   </datafield>
</record></metadata></record></GetRecord></OAI-PMH>